ბათუმის შოთა რუსთაველის სახელმწიფო უნივერსიტეტის ბიბლიოთეკა

Des arbres amoureux : (ბიბ.ჩანაწერი № 54733)

000 -LEADER
fixed length control field 00644nam a2200217Ia 4500
001 - CONTROL NUMBER
control field 21800
003 - CONTROL NUMBER IDENTIFIER
control field GE_BSU
005 - DATE AND TIME OF LATEST TRANSACTION
control field 20220517174103.0
008 - FIXED-LENGTH DATA ELEMENTS--GENERAL INFORMATION
fixed length control field 181216s ||||ge |||||||||||||| ||eng||
020 ## - INTERNATIONAL STANDARD BOOK NUMBER
International Standard Book Number 9789941952647
040 ## - CATALOGING SOURCE
Transcribing agency GE_BSU
080 ## - UNIVERSAL DECIMAL CLASSIFICATION NUMBER
Universal Decimal Classification number 821.133.1-1 M-10
100 ## - MAIN ENTRY--PERSONAL NAME
Personal name Mzarelua, Khatuna
9 (RLIN) 13768
245 ## - TITLE STATEMENT
Title Des arbres amoureux :
Remainder of title Poemes choisis /
Statement of responsibility, etc. Khatuna Mzarelua ; Couverture par Kobakhidze, Manana (ყდის დიზაინი)
264 ## - PRODUCTION, PUBLICATION, DISTRIBUTION, MANUFACTURE, AND COPYRIGHT NOTICE
Place of production, publication, distribution, manufacture Tbilisi :
Name of producer, publisher, distributor, manufacturer Agora,
Date of production, publication, distribution, manufacture, or copyright notice 2017.
300 ## - PHYSICAL DESCRIPTION
Extent 94 p. ;
Dimensions 16 cm.
653 ## - INDEX TERM--UNCONTROLLED
keyword Des arbres amoureux
653 ## - INDEX TERM--UNCONTROLLED
keyword ლექსები
942 ## - ADDED ENTRY ELEMENTS (KOHA)
Koha item type წიგნი
Source of classification or shelving scheme
ეგზემპლარები
Withdrawn status Lost status Source of classification or shelving scheme Damaged status Not for loan Permanent Location Current Location Shelving location Date acquired Cost, normal purchase price Full call number Barcode Date last seen Copy number Price effective from Koha item type Public note
          ბათუმის შოთა რუსთაველის სახელმწიფო უნივერსიტეტის მთავარი ბიბლიოთეკა ბათუმის შოთა რუსთაველის სახელმწიფო უნივერსიტეტის მთავარი ბიბლიოთეკა წიგნსაცავი 2018-12-17 3.00 821.133.1-1 M-10 56214 2018-12-17 56214 2018-12-17 წიგნი 3.00 ₾.